A quinta-feira dos pássaros (Registo nº 729)
[ vista simples ]
| 000 -Etiqueta do registo | |
|---|---|
| Cabeçalho | 00624nam0a2200229 4500 |
| 005 - Identificador da versão | |
| Campo de controlo | 20240813121811.0 |
| 021 ## - Número do Depósito Legal | |
| Código do país | PT |
| Número | 213981/06 |
| 100 ## - Dados gerais de processamento | |
| Dados gerais de processamento | 20160225d2006 a e0pory5003 ba |
| 102 ## - Pais de publicação ou produção | |
| País de publicação | Portugal |
| 101 0# - Língua de publicação | |
| Língua do texto, banda sonora, etc. | Português |
| 215 ## - Descrição física | |
| Indicação específica da natureza do documento e extensão da espécie | 183 p |
| 200 1# - Titulo e menção de responsabilidade | |
| Título próprio | A quinta-feira dos pássaros |
| Primeira menção de responsabilidade | Paulo Assim |
| 225 2# - Colecção | |
| Título próprio da colecção | Prémio Literário Paul Harris |
| Indicação de volume | 1 |
| 210 ## - Publicação, Distribuição, etc. | |
| Lugar da edição, distribuição, etc. | Faro |
| Nome do editor, distribuidor, etc. | Rotary Club |
| Data da publicação, distribuição, etc. | 2006 |
| 606 ## - Nome comum usado como assunto | |
| Número de registo de entrada de autoridade | 0002005 |
| Palavra de ordem | Literatura portuguesa |
| Subdivisão de assunto | Romance |
| Código do sistema | CA |
| 675 ## - Classificação Decimal Universal (CDU) | |
| Notação | 821.134.3-31 |
| Edição | 3ª ed. |
| Língua da edição | por |
| 700 #1 - Nome de autor-pessoa física (responsabilidade principal) | |
| Número de registo de entrada de autoridade | 0002674 |
| Palavra de ordem | Assim |
| Outra parte do nome não tomada para palavra de ordem | Paulo |
| 966 ## - Identificação da Biblioteca | |
| Sigla | EB2,3ENM |
| 942 ## - Elementos de entrada adicionados (Koha) | |
| Tipo de item no Koha | Livro |
| Situação do levantamento | Origin of item (home branch) (coded) | Biblioteca de empréstimo | Código de barras | Cota | Circulation type (not for loan) | Tipo de documento | Nota do exemplar | Damaged status |
|---|---|---|---|---|---|---|---|---|
| Biblioteca Escolar Eng. Nuno Mergulhão | Biblioteca Escolar Eng. Nuno Mergulhão | BENM1258 | 82LP-3 ASS | Livro | Sem mensagem |
